Английский язык (Запись № 11786486)

Подробности
000 -МАРКЕР
контрольное поле 02421nam0a2200421 4500
001 - ИДЕНТИФИКАТОР ЗАПИСИ
контрольное поле RU\NLR\BIBL_A\011782981
005 - ИДЕНТИФИКАТОР ВЕРСИИ
контрольное поле 20180921145513.0
010 ## - МЕЖДУНАРОДНЫЙ СТАНДАРТНЫЙ НОМЕР КНИГИ (ISBN)
Номер (ISBN) 978-5-360-10240-3
Тираж 3500
021 ## - НОМЕР ГОСУДАРСТВЕННОЙ РЕГИСТРАЦИИ
Код страны Российская Федерация
Номер КН-П-18-056416
Номер Листа государственной регистраци КН-П-18-4070
035 ## - ДРУГИЕ СИСТЕМНЫЕ НОМЕРА
Идентификатор записи (NLR Aleph) 011782981
035 ## - ДРУГИЕ СИСТЕМНЫЕ НОМЕРА
Идентификатор записи (RuMoRGB)009703656
100 ## - ДАННЫЕ ОБЩЕЙ ОБРАБОТКИ
Данные общей обработки 20180905d2019 u y0rusy50 ca
101 0# - ЯЗЫК РЕСУРСА
Язык текста, звукозаписи и т.д. русский
-- английский
102 ## - СТРАНА ПУБЛИКАЦИИ ИЛИ ПРОИЗВОДСТВА
Страна публикации Российская Федерация
105 ## - ПОЛЕ КОДИРОВАННЫХ ДАННЫХ: ТЕКСТОВЫЕ МАТЕРИАЛЫ, МОНОГРАФИЧЕСКИЕ
Кодированные данные о монографическом текстовом документе ac||j|||000zy
200 1# - ЗАГЛАВИЕ И СВЕДЕНИЯ ОБ ОТВЕТСТВЕННОСТИ
Основное заглавие Английский язык
Сведения, относящиеся к заглавию 11 класс
-- базовый уровень
-- учебник для учащихся общеобразовательных организаций
-- [соответствует Федеральному государственному образовательному стандарту среднего (полного) общего образования (2012 г.)
Первые сведения об ответственности д-р филол. наук, проф. М.В. Вербицкая, Дж. Каминс Карр, Дж. Парсонс, О.С. Миндрул]
Последующие сведения об ответственности под редакцией доктора филологических наук, профессора М.В. Вербицкой
205 ## - СВЕДЕНИЯ ОБ ИЗДАНИИ
Сведения об издании 4-е изд., стер.
210 ## - ПУБЛИКАЦИЯ, РАСПРОСТРАНЕНИЕ И ДР.
Место издания, распространения и т.д. Москва
Имя издателя, распространителя и т. д. Вентана-Граф
Место издания, распространения и т.д. [Harlow, Ess.]
Имя издателя, распространителя и т. д. Pearson education limited
Дата издания, распространения и т.д. 2019 [т.е. 2018]
215 ## - ФИЗИЧЕСКАЯ ХАРАКТЕРИСТИКА
Специфическое обозначение материала и объем 172, [3] с.
Другие сведения о физической характеристике портр., цв. ил., табл., портр.
Размеры 29
225 1# - СЕРИЯ
Основное заглавие серии Алгоритм успеха
225 1# - СЕРИЯ
Основное заглавие серии Forward
225 1# - СЕРИЯ
Основное заглавие серии Российский учебник
Сведения, относящиеся к заглавию РУ
300 ## - ОБЩИЕ ПРИМЕЧАНИЯ
Текст примечания На обл.: English: student's book: 11 / Maria Verbitskaya, Jane Comyns Carr, Jennifer Parsons, Olga Mindrul
300 ## - ОБЩИЕ ПРИМЕЧАНИЯ
Текст примечания Авт. указаны в конце кн.
300 ## - ОБЩИЕ ПРИМЕЧАНИЯ
Текст примечания Кн. фактически изд. в 2018 г.
512 1# - ЗАГЛАВИЕ ОБЛОЖКИ
Заглавие обложки English
Сведения, относящиеся к заглавию student's book
-- 11
606 1# - НАИМЕНОВАНИЕ ТЕМЫ КАК ПРЕДМЕТ
Наименование темы Английский язык
Формальный подзаголовок Учебники для средней школы
Системный номер авторитетной/нормативной записи 972309
Идентификатор авторитетной/нормативной записи RU\NLR\AUTH\6646032
686 3# - ИНДЕКСЫ ДРУГИХ КЛАССИФИКАЦИЙ
Индекс Ш143.21-93рус21[11]
701 #1 - ИМЯ ЛИЦА - АЛЬТЕРНАТИВНАЯ ОТВЕТСТВЕННОСТЬ
Графика поля Кириллица
Материалы, к которым относится поле rus
Начальный элемент ввода Вербицкая
Часть имени, кроме начального элемента ввода М. В.
Расширение инициалов личного имени Мария Валерьевна
Системный номер авторитетной/нормативной записи 39961
Идентификатор авторитетной/нормативной записи RU\NLR\AUTH\7757029
701 #1 - ИМЯ ЛИЦА - АЛЬТЕРНАТИВНАЯ ОТВЕТСТВЕННОСТЬ
Начальный элемент ввода Каминс Карр
Часть имени, кроме начального элемента ввода Д.
Расширение инициалов личного имени Джейн
Системный номер авторитетной/нормативной записи 151590
Идентификатор авторитетной/нормативной записи RU\NLR\AUTH\770151628
701 #1 - ИМЯ ЛИЦА - АЛЬТЕРНАТИВНАЯ ОТВЕТСТВЕННОСТЬ
Начальный элемент ввода Парсонс
Часть имени, кроме начального элемента ввода Д.
Расширение инициалов личного имени Дженнифер
701 #1 - ИМЯ ЛИЦА - АЛЬТЕРНАТИВНАЯ ОТВЕТСТВЕННОСТЬ
Начальный элемент ввода Миндрул
Часть имени, кроме начального элемента ввода О. С.
Расширение инициалов личного имени Ольга Сергеевна
942 ## - ДОПОЛНИТЕЛЬНЫЕ ЭЛЕМЕНТЫ ЗАПИСИ (АБИС)
Тип экземпляра АБИС Книга
980 ## - КОЛЛЕКЦИЯ
Название коллекции НБР
980 ## - КОЛЛЕКЦИЯ
Название коллекции Национальная библиография

Нет доступных экземпляров.